|
|
|
|
| LEADER |
00000nam0a2200000 4500 |
| 001 |
268518 |
| 005 |
20231101234156.0 |
| 010 |
|
|
|a 9785406032091
|
| 035 |
|
|
|a (RuTPU)RU\TPU\book\291669
|
| 090 |
|
|
|a 268518
|
| 100 |
|
|
|a 20140904d2014 k y0rusy50 ca
|
| 101 |
0 |
|
|a rus
|
| 102 |
|
|
|a RU
|
| 105 |
|
|
|a y z 001zy
|
| 200 |
1 |
|
|a Очерки теории и истории экономического оппортунизма
|e монография
|f В. В. Чащин
|
| 210 |
|
|
|a Москва
|c КноРус
|d 2014
|
| 215 |
|
|
|a 316 с.
|
| 320 |
|
|
|a Библиогр.: с. 309-316.
|
| 330 |
|
|
|a Монография посвящена актуализации проблемы оппортунистического поведения в экономике. В трех очерках теории и истории экономического оппортунизма проводится обзор и оценка существующих в экономической науке теоретических подходов к экспликации оппортунизма, предлагаются альтернативные способы постановки проблемы оппортунистической деятельности, переосмысления экономического оппортунизма, в том числе с учетом исторического контекста. Исследование представляет интерес для специалистов в области гуманитарных, социально-философских наук.
|
| 600 |
|
1 |
|a Акерлоф
|b Д.
|c американский экономист
|c лауреат Нобелевской премии по экономике (2001)
|f 1940-
|g Джордж
|2 stltpush
|3 (RuTPU)RU\TPU\pers\23682
|9 10363
|
| 600 |
|
1 |
|a Коуз
|b Р. Г.
|c английский экономист
|c нобелевский лауреат
|f 1910-
|g Рональд Гарри
|2 stltpush
|3 (RuTPU)RU\TPU\pers\10587
|9 2264
|
| 606 |
1 |
|
|a Экономическая теория
|2 stltpush
|3 (RuTPU)RU\TPU\subj\26589
|9 50481
|
| 606 |
1 |
|
|a Экономическая история
|2 stltpush
|3 (RuTPU)RU\TPU\subj\26578
|9 50473
|
| 610 |
1 |
|
|a экономика
|
| 610 |
1 |
|
|a история
|
| 610 |
1 |
|
|a оппортунизм
|
| 610 |
1 |
|
|a оппортунистическая деятельность
|
| 610 |
1 |
|
|a экономический оппортунизм
|
| 610 |
1 |
|
|a шампанские ярмарки
|
| 610 |
1 |
|
|a античность
|
| 610 |
1 |
|
|a феодализм
|
| 610 |
1 |
|
|a Англия
|
| 610 |
1 |
|
|a 14 век
|
| 610 |
1 |
|
|a монографии
|
| 686 |
|
|
|a У011
|v LBC/SL-A
|2 rubbk
|
| 686 |
|
|
|a У03
|v LBC/SL-A
|2 rubbk
|
| 700 |
|
1 |
|a Чащин
|b В. В.
|g Владимир Владимирович
|
| 801 |
|
1 |
|a RU
|b 63413507
|c 20140904
|
| 801 |
|
2 |
|a RU
|b 63413507
|c 20140929
|g RCR
|
| 942 |
|
|
|c BK
|
| 959 |
|
|
|a 124/20140904
|d 1
|e 290,00
|f ЧЗГЛ:1
|